| 000 | 00748nam a22002297a 4500 | ||
|---|---|---|---|
| 005 | 20180111113117.0 | ||
| 008 | 090109t xxu||||| |||| 00| 0urd d | ||
| 010 | _aA-318561 | ||
| 020 |
_c25.00 _a- |
||
| 035 | _aA-318561 | ||
| 037 | _bBPPD | ||
| 040 |
_aDPL _bUrdu |
||
| 082 | _aن | ||
| 100 | _aڈ پٹی نز یر ا حمد | ||
| 245 |
_aا بن ا لو قت _cڈ پٹی نز یر ا حمد |
||
| 246 |
_aIbn-Ul-Waqt _bBy Deputy Nazir Ahmad |
||
| 260 |
_aN.Delhi _bMaktaba Jamia Ltd. _c1988 |
||
| 270 |
_aPatodi House,Darya Ganj, _b N.Delhi _e110002 _k- |
||
| 300 |
_a372ص _c22 cm(hb) |
||
| 942 |
_2ddc _cUR _hن _mن ظ ی |
||
| 999 |
_c149089 _d149089 |
||